| 000 | 00674nam a22001697a 4500 | ||
|---|---|---|---|
| 999 |
_c12393 _d12393 |
||
| 008 | 190124b ||||| |||| 00| 0 eng d | ||
| 082 |
_22018 _aUT 1176 _bA67 |
||
| 100 |
_aArellano, Shaira Mae P. _934974 |
||
| 245 |
_aPerceptions of Teachers in teaching mother tongue- based multingual education (MTB-MLE) / _cShaira Mae P. Arellano, Dean Paul S. Alferez, and Marjorie P. Gultia |
||
| 260 |
_aDigos City: _bUMDC _cNovember 2018. |
||
| 300 |
_a69 pages; _c30 cm. |
||
| 650 |
_aEducation _vEnglish _xUndergraduate thesis. _934975 |
||
| 700 |
_aArellano, Shaira Mae P. _934974 |
||
| 700 |
_aAlferez, Dean Paul S. _934976 |
||
| 700 |
_aGultia, Marjorie P. _934977 |
||
| 942 |
_2ddc _cUT |
||